Mythologies
Gardado en:
| Autor Principal: | |
|---|---|
| Formato: | Libro |
| Idioma: | Undetermined |
| Publicado: |
New York, Estados Unidos
Hill and Wang
1979
|
| Edición: | 10 |
| Materias: | |
| Etiquetas: |
Engadir etiqueta
Sen Etiquetas, Sexa o primeiro en etiquetar este rexistro!
|
MARC
| LEADER | 00000nam a2200000Ia 4500 | ||
|---|---|---|---|
| 008 | 170316s9999 xx 000 0 und d | ||
| 040 | |a cru BVZT | ||
| 090 | |a 801 B-7m | ||
| 100 | |a Barthes, Roland |9 1743 | ||
| 245 | |a Mythologies | ||
| 250 | |a 10 | ||
| 260 | |a New York, Estados Unidos | ||
| 260 | |b Hill and Wang | ||
| 260 | |c 1979 | ||
| 300 | |a 158 páginas | ||
| 650 | |a TEORÍA LITERARIA |9 178 | ||
| 650 | 0 | |a ENSAYO |9 600 | |
| 650 | |a SEMIÓTICA |x SIGNIFICACIÓN |x SIGNO |x OBJETO |9 1744 | ||
| 999 | |c 20136 |d 20136 | ||
| 942 | |c 15 D |h 801 B-7m |2 z | ||
